00625nam a22001817a 450000500170000001000150001702000270003203500140005903700130007308200160008624501200010226000450022227000640026730000230033150000510035470000180040570000200042320200218101656.0 aENG-127888 c1195.00a9780199489626 aEN-111420 bDBAD/PUB a324.9540532 aThe algebra of warfare-welfare:cedited by Irfan Ahmad [and] Pralay Kanungoba long view of India's 2014 election/ aNew Delhic2019bOxford University Press a2/11 Ground Floor,Ansari Road,Dariyaganje110002bNew Delhi axvii;385p.b22(hb) aincludes bibliographical references and index  aAhmad, Irfan, aKanungo, Pralay